| 000 -LEADER |
| fixed length control field |
00505cam a22001337a 4500 |
| 008 - FIXED-LENGTH DATA ELEMENTS--GENERAL INFORMATION |
| fixed length control field |
180718b1955 xxu||||| |||| 00| 0 eng d |
| 082 ## - DEWEY DECIMAL CLASSIFICATION NUMBER |
| Classification number |
A7x669 |
| 100 ## - MAIN ENTRY--PERSONAL NAME |
| Personal name |
Buchanan,K.M. and Pugh,J.C |
| 245 ## - TITLE STATEMENT |
| Title |
Land and people in Nigeria:the human geography of Nigeria and its environmental background |
| Statement of responsibility, etc. |
K.M.Buchanan and J.C.Pugh |
| 260 ## - PUBLICATION, DISTRIBUTION, ETC. |
| Place of publication, distribution, etc. |
London |
| Name of publisher, distributor, etc. |
University |
| Date of publication, distribution, etc. |
1955 |
| 300 ## - PHYSICAL DESCRIPTION |
| Extent |
x,252p |
| 650 ## - SUBJECT ADDED ENTRY--TOPICAL TERM |
| Topical term or geographic name entry element |
Natural resources -Nigeria. Nigeria -Description and travel. Nigeria -Economic conditions. |
| 700 ## - ADDED ENTRY--PERSONAL NAME |
| Personal name |
Pugh,J.C |